|
|
|
|
| LEADER |
00000nam0a2200000 4500 |
| 001 |
206709 |
| 005 |
20231101225345.0 |
| 035 |
|
|
|a (RuTPU)RU\TPU\book\225394
|
| 090 |
|
|
|a 206709
|
| 100 |
|
|
|a 20120116d2011 m y0rusy50 ca
|
| 101 |
0 |
|
|a rus
|a eng
|
| 102 |
|
|
|a RU
|
| 105 |
|
|
|a y j 001zy
|
| 200 |
1 |
|
|a Стилистика. Рабочая тетрадь (английский язык)
|e учебное пособие для вузов
|f Н. Ф. Кокшарова
|g Национальный исследовательский Томский политехнический университет (ТПУ)
|
| 210 |
|
|
|a Томск
|c Изд-во ТПУ
|d 2011
|
| 215 |
|
|
|a 85 с.
|
| 320 |
|
|
|a Библиогр.: с. 84-85.
|
| 330 |
|
|
|a Пособие состоит из 6 разделов, списка литературы для студентов, библиографии. Представлены практические задания в рамках основного материала курса «Стилистика», который изложен в учебном пособии «Лекции по стилистике». Практические задания, входящие в пособие, носят проблемно-ориентированный, исследовательский, аналитический и творческий характер. Предназначено для студентов, обучающихся по специальности 031202 «Перевод и переводоведение».
|
| 606 |
1 |
|
|a Английский язык
|x Учебные руководства и пособия для высшей школы
|x Пособия по стилистике, переводу
|2 stltpush
|3 (RuTPU)RU\TPU\subj\67887
|9 83516
|
| 610 |
1 |
|
|a лексика
|
| 610 |
1 |
|
|a стилистика
|
| 610 |
1 |
|
|a стилистические нормы
|
| 610 |
1 |
|
|a стилистические ошибки
|
| 610 |
1 |
|
|a стилистические приемы
|
| 610 |
1 |
|
|a стилистические средства
|
| 610 |
1 |
|
|a упражнения
|
| 610 |
1 |
|
|a рабочая тетрадь
|
| 610 |
1 |
|
|a учебные пособия
|
| 610 |
1 |
|
|a труды учёных ТПУ
|
| 686 |
|
|
|a Ш143.21-923.7
|v LBC/SL-A
|2 rubbk
|
| 700 |
|
1 |
|a Кокшарова
|b Н. Ф.
|c лингвист
|c старший преподаватель Томского политехнического университета
|g Наталья Фаритовна
|2 stltpush
|3 (RuTPU)RU\TPU\pers\28038
|
| 712 |
0 |
2 |
|a Национальный исследовательский Томский политехнический университет (ТПУ)
|c (2009- )
|2 stltpush
|3 (RuTPU)RU\TPU\col\15902
|
| 801 |
|
1 |
|a RU
|b 63413507
|c 20120116
|
| 801 |
|
2 |
|a RU
|b 63413507
|c 20140616
|g RCR
|
| 942 |
|
|
|c BK
|